Responses for show #3461 - Monday, September 27, 1999

Steve Fried game 1.

Contestants

Hilary Waddles, a personal assistant from Hamtramck, Michigan

Steve Fried, an airline and cruise scheduler from Phoenix, Arizona

Dylan McKenna, an actor from Los Angeles, California (whose 3-day cash winnings total $25,900)

Jeopardy! Round responses

WARNER BROS.
AMERICAN HISTORY
MORTAL MATTERS
BIRDS
LEVITICUS
AUTHORS' RHYME TIME
    $100 1
Jenny Jones

Dylan
    $100 13
Alexander Hamilton

Steve
    $100 10
Subway

Dylan
    $100 3
Penguin

Steve
    $100 25
(less than a minute to go...)

Levites

Dylan
    $100 16
(H: Who is Sir Walter Scott?)

Scott's pots

DylanHilary
    $200 2
Burbank

Steve
    $200 14
Charleston

Steve
    $200 11
(D: What is a killer whale?)

Groundhog Day

DylanHilary
    $200 4
Blue jay

Hilary
    $200 26
The blind

Triple Stumper
    $200 17
Bram's lambs

Dylan
    $300 7
Time

Dylan
    $300 15
William Penn

Steve
    $300 12
W-2

Steve
    $300 5
Pigeon

Triple Stumper
    $1,000 28
(H: Who is Abraham?)
(buzzer sounds)

Moses

Hilary
    $300 18
Mickey's hickeys

Steve
    $400 8
The Jazz Singer

Steve
    $400 24
Daniel Webster

Triple Stumper
    $400 21
Saint Valentine

Hilary
    $400 6
Flamingo

Steve
    $400 19
Rice's vices

Steve
    $500 9
Jack Warner

Triple Stumper
    $500 27
Folsom

Hilary
    $500 22
Morocco

Steve
    $500 23
(D: What is a pelican?)

Peregrine falcon

DylanHilary
    $500 20
Howe's sows

Hilary

Scores at the first commercial break (after clue 15):

Dylan Steve Hilary
$300 $2,000 $400

Scores at the end of the Jeopardy! Round:

Dylan Steve Hilary
$200 $3,200 $1,200

Double Jeopardy! Round responses

THE "W.B."
AFRICAN ISLANDS
BILLS & WILLS
U.S. COLLEGES
CLASSICAL GASES
COUNTRY MUSIC
    $200 20
White belt

Steve
    $200 9
Lake Victoria

Dylan
    $200 1
Willie Shoemaker

Steve
    $200 19
William and Mary

Steve
    $200 14
(S: What is 2?)

1

SteveHilary
    $200 2
Faith Hill

Steve
    $400 21
(less than a minute...)

The Wild Bunch

Dylan
    $400 10
Cairo

Steve
    $400 7
Bill Russell

Dylan
    $400 15
Oxygen

Triple Stumper
    $400 3
(D: What is Lincoln?)

Omaha

DylanSteve
    $600 11
(H: What is Madagascar?)

Zanzibar

Hilary
Triple Stumper
    $600 8
(D: Who is Wild Bill Hickok?)

Billy the Kid

DylanSteve
    $1,000 16
(H: What is freon?)

Neon

Hilary
    $600 4
(D: What is "I Shaved My Legs for This?")

"Did I Shave My Legs for This?"

Dylan
Triple Stumper
    $800 12
Madagascar

Triple Stumper
    $800 22
William Jennings Bryan

Dylan
    $800 25
(buzzer sounds)

Dartmouth

Steve
    $800 17
(D: What is helium?)

Methane

DylanSteve
    $800 5
Vince Gill

Triple Stumper
    $1000 13
Madeira

Hilary
    $500 23
(D: I don't know.)

Bill Moyers

Dylan
    $1000 24
(S: Who are the Jesuits?)

Quakers (Society of Friends)

Steve
Triple Stumper
    $1000 18
Nitrogen

Dylan
    $1000 6
"It's Just A Matter of Time"

Triple Stumper

Scores at the end of the Double Jeopardy! Round:

Dylan Steve Hilary
$100 $5,800 $800
(lock game)

[wagering suggestions for these scores]

Final Jeopardy! Round responses

FICTION
(Alex: If you said "Murder on the Orient Express", you're wrong!)
DylanWhat is a book that has never been in my kitchen?
$1
HilaryWhat is Death on the Nile
$700
SteveWhat is Death on the Nile?
$4,000
"Death on the Nile"

Final scores:

Dylan Steve Hilary
$99 $9,800 $1,500
3rd place: Festina F12 Chrono Collection Watches New champion: $9,800 2nd place: Trip to the Westcliff Hotel, Johannesburg, South Africa

Game dynamics:

Coryat scores:

Dylan Steve Hilary
$600 $5,800 $2,800
11 R,
7 W
(including 1 DD)
20 R,
2 W
8 R,
4 W
(including 2 DDs)

Combined Coryat: $9,200

The J! Archive is created by fans, for fans. The Jeopardy! game show and all elements thereof, including but not limited to copyright and trademark thereto, are the property of Jeopardy Productions, Inc. and are protected under law. This website is not affiliated with, sponsored by, or operated by Jeopardy Productions, Inc. Join the discussion at JBoard.tv.